000 00584nam a2200205 i 4500
001 bgj
100 1 _aBLANK, Herbert
245 1 0 _aBenn und sein Jahrhundert :
_bKatalog 29, Februar 1986 /
_cHerbert Blank.
260 _aStuttgart :
_bAntiquariat Herbert Blank,
_c1986.
300 _a144 S. :
_bIll. ;
_c24 cm.
490 1 _aLiteratur des 20. Jahrunderts
650 9 _aDeutsche Literatur
655 _aKatalogi
655 _aKatalogen
830 _aLiteratur des 20. Jahrunderts
040 _cBPK
041 0 _ager
942 _cKS
008 s gw f |000 0 ger
999 _c50398
_d50398
856 _uhttp://koha.tu.koszalin.pl/cgi-bin/koha/opac-detail.pl?biblionumber=50398
_yKatalog online BPK